<?xml version="1.0" encoding="UTF-8"?>
<record
    xmlns:xsi="http://www.w3.org/2001/XMLSchema-instance"
    xsi:schemaLocation="http://www.loc.gov/MARC21/slim http://www.loc.gov/standards/marcxml/schema/MARC21slim.xsd"
    xmlns="http://www.loc.gov/MARC21/slim">

  <leader>00679nam a22001937a 4500</leader>
  <controlfield tag="001">10039</controlfield>
  <controlfield tag="003">FISKH</controlfield>
  <controlfield tag="005">20260401101538.0</controlfield>
  <controlfield tag="008">260331b        cb ||||| |||| 00| 0 eng d</controlfield>
  <datafield tag="020" ind1=" " ind2=" ">
    <subfield code="a">9787557527433</subfield>
  </datafield>
  <datafield tag="040" ind1=" " ind2=" ">
    <subfield code="a">FISKH</subfield>
    <subfield code="b">chi</subfield>
    <subfield code="c">FISKH</subfield>
    <subfield code="d">FISKH</subfield>
  </datafield>
  <datafield tag="082" ind1=" " ind2=" ">
    <subfield code="a">155.4</subfield>
  </datafield>
  <datafield tag="100" ind1=" " ind2=" ">
    <subfield code="a">&#x4E25;&#x6B22;</subfield>
  </datafield>
  <datafield tag="245" ind1=" " ind2=" ">
    <subfield code="a">&#x4E0D;&#x8981;&#x6B3A;&#x8D1F;&#x6211;&#xB7;&#x5B66;&#x4F1A;&#x7231;&#x81EA;&#x5DF1; /</subfield>
    <subfield code="c">&#x4E25;&#x6B22;</subfield>
  </datafield>
  <datafield tag="300" ind1=" " ind2=" ">
    <subfield code="a">23 pages : </subfield>
    <subfield code="b">color illustrations ;</subfield>
    <subfield code="c">23 cm . </subfield>
  </datafield>
  <datafield tag="520" ind1=" " ind2=" ">
    <subfield code="a">&#x672C;&#x4E66;&#x5C5E;&#x4E8E;&#x5E7C;&#x513F;&#x6027;&#x683C;&#x57F9;&#x517B;&#x7ED8;&#x672C;&#x7CFB;&#x5217;&#xFF0C;&#x901A;&#x8FC7;&#x751F;&#x52A8;&#x6709;&#x8DA3;&#x7684;&#x6545;&#x4E8B;&#xFF0C;&#x5F15;&#x5BFC;&#x5B69;&#x5B50;&#x6539;&#x6389;&#x62D6;&#x5EF6;&#x7684;&#x574F;&#x4E60;&#x60EF;&#xFF0C;&#x57F9;&#x517B;&#x505A;&#x4E8B;&#x79EF;&#x6781;&#x3001;&#x5B88;&#x65F6;&#x3001;&#x6709;&#x8D23;&#x4EFB;&#x611F;&#x7684;&#x826F;&#x597D;&#x54C1;&#x8D28;&#xFF0C;&#x9002;&#x5408;&#x65E9;&#x671F;&#x6559;&#x80B2;&#x9605;&#x8BFB;&#x3002;</subfield>
  </datafield>
  <datafield tag="942" ind1=" " ind2=" ">
    <subfield code="2">ddc</subfield>
    <subfield code="c">BOOK</subfield>
    <subfield code="n">0</subfield>
  </datafield>
  <datafield tag="999" ind1=" " ind2=" ">
    <subfield code="c">10039</subfield>
    <subfield code="d">10039</subfield>
  </datafield>
  <datafield tag="952" ind1=" " ind2=" ">
    <subfield code="0">0</subfield>
    <subfield code="1">0</subfield>
    <subfield code="2">ddc</subfield>
    <subfield code="4">0</subfield>
    <subfield code="7">0</subfield>
    <subfield code="8">REF</subfield>
    <subfield code="a">002</subfield>
    <subfield code="b">002</subfield>
    <subfield code="c">LSHTTP</subfield>
    <subfield code="d">2026-03-31</subfield>
    <subfield code="l">0</subfield>
    <subfield code="o">&#x4E25;&#x6B22; 155.4</subfield>
    <subfield code="p">2026-0418</subfield>
    <subfield code="r">2026-03-31 15:18:00</subfield>
    <subfield code="w">2026-03-31</subfield>
    <subfield code="y">BK</subfield>
  </datafield>
</record>
